| 000 | 00392nam a22001697a 4500 | ||
|---|---|---|---|
| 999 |
_c11092 _d11092 |
||
| 003 | OSt | ||
| 008 | 220215b ||||| |||| 00| 0 eng d | ||
| 020 | _a9789389949186 | ||
| 082 | _a005.133 BAO | ||
| 100 | _aBALAGURUSAMY,E | ||
| 245 | _aObject Oriented Programming With C++ | ||
| 250 | _a8th | ||
| 260 |
_aNew Delhi _bTMH _c2021 |
||
| 300 | _a679 | ||
| 650 | _aBCA | ||
| 942 |
_2ddc _cBK _0275 |
||